Отчет о деятельности Томского Общества вспомоществования рабочим и служащим горных и золотых промыслов за 1912 год

Bibliographic Details
Summary:Текст в русской дореформенной орфографии
Language:Russian
Published: Томск, Типография Губернского Управления, 1913
Subjects:
Format: Book
KOHA link:https://koha.lib.tpu.ru/cgi-bin/koha/opac-detail.pl?biblionumber=225224

MARC

LEADER 00000nam0a2200000 4500
001 225224
005 20231101230641.0
035 |a (RuTPU)RU\TPU\book\245560 
035 |a RU\TPU\book\245559 
090 |a 225224 
100 |a 20121107d1913 m y0rusy50 ca 
101 0 |a rus 
102 |a RU 
105 |a y z 000zy 
200 1 |a Отчет о деятельности Томского Общества вспомоществования рабочим и служащим горных и золотых промыслов за 1912 год 
210 |a Томск  |c Типография Губернского Управления  |d 1913 
215 |a 23 с. 
300 |a Текст в русской дореформенной орфографии 
317 |5 63413507: 26//188  |a Поступила в НТБ в 1918 г. в составе книжного собрания профессора ТТИ Л. Л. Тове 
517 1 |a Отчетъ о дъятельности Томскаго Общества вспомоществованiя рабочимъ и служащимъ горныхъ и золотыхъ промысловъ за 1912 годъ  |z chu 
606 1 |a Горное дело  |2 stltpush  |3 (RuTPU)RU\TPU\subj\7566  |9 35173 
610 1 |a горные общества 
610 1 |a деятельность 
610 1 |a Томский округ 
610 1 |a 20 век 
610 1 |a история 
610 1 |a коллекция Л. Л. Тове 
675 |a 622(09)  |v 3 
801 1 |a RU  |b 63413507  |c 20121107 
801 2 |a RU  |b 63413507  |c 20190605  |g RCR 
942 |c BK